00668nam a22001937a 450000500170000001000150001702000230003203500140005503700130006908200140008210000150009624501140011126000450022527001160027030000200038650000340040670000150044070000190045520170629095305.0 aENG-119017 c644.00a8181770889 aEN-102549 bDBAD/PUB a588.30954 aD.K. Singh aLiverworts and hornworts of India :cby D.K. Singh, S.K. Singh [and] Devendra Singhban annotated checklist / aKolkatabBotanical Survey of Indiac2016 bKolkatae700064aCGO Complex, 3rd MSO Building, Block -1, 5th & 6th floor, DF Block, Sector -1, Salt lake city  a439p.c24cm(Hb) aincludes references and index aS.K. Singh aDevendra Singh